1423 1694 1399 1714 1421 1033 1627 1691 1407 1112 1014 1987 1000 1158 1406 1149 1281 1477 1199 1456 1436 1987 1811 1376 1231 1665 1111 1331 1508 1083 1934 1743 1076 1896 1410 1897 1841 1910 1560 1868 1773 1036 1183 1997 1858 1605 1313 1006 1567 1665 1252 1824 1444 1744 1017 1795 1144 1676 1198 1019 1753 1848 1972 1456 1755 1516 1682 1100 1072 1129 1455 1881 1755 1928 1228 1009 1571 1047 1711 1081 1624 1473 1938 1432 1417 1099 1486 1471 1536 1194 1346 1746 1061 1460 1297 1237 1140 1227 1283 BCNSPRNW ULIB Ver.6.0+V

เปลี่ยนเป็นภาษาไทย

Change to English
 แสดงรายละเอียดบรรณานุกรม
  กลับหน้าหลัก

Brief Record : Get Marc (ISO 2709) : E-mail record : QR code < ปิดหน้าต่าง
LEADER : 00000nam 2200000uu 4500
001    13399125395
003     ULIB
008    170524s2559||||th 000 0 tha d
020    ^a9789744668462
060  4 ^aWS100^bต367ส
245 10 ^aตำรากุมารเวชศาสตร์ สำหรับนักศึกษาแพทย์และแพทย์เวชปฏิบัติ เล่ม 1 =^bTextbook of pediatrics/^cบรรณาธิการโดย สุขเกษม โฆษิตเศรษฐ...และคณะ
246 31 ^aTextbook of pediatrics
250    ^aพิมพ์ครั้งที่ 1
260    ^aปทุมธานี:^bภาควิชากุมารเวชศาสตร์ คณะแพทยศาสตร์ มหาวิทยาลัยธรรมศาสตร์,^c2559.
300    ^a748 หน้า :^bภาพประกอบ
650  7 ^aกุมารเวชศาสตร์
650  7 ^aเด็ก^xโรค
700    ^aสุขเกษม โฆษิตเศรษฐ,^eบรรณาธิการ
710 2  ^aมหาวิทยาลัยธรรมศาสตร์.^bคณะแพทยศาสตร์.^bภาควิชากุมารเวชศาสตร์
945    ^p0^l0^i002325
945    ^p0^l0^i002326
945    ^p0^l0^i002327
999    ^aวรรณษา ชูชัยมงคล
รายการนี้ยังไม่มีแท็ก
คุณยังไม่ได้ล็อกอิน คุณสามารถมีกิจกรรมร่วมกับเว็บไซต์ได้ แต่ต้องล็อกอินก่อน ::
  ล็อกอิน

รายการสื่อสารสนเทศ

ลำดับที่ ประเภท เลขเรียก/บาร์โค้ด สถานที่ สถานะ
1. วิทยาศาสตร์การแพทย์ และสุขภาพ
วิทยาศาสตร์การแพทย์ และสุขภาพ
WS100 ต367ส ฉ.1 
  Barcode: 002325
ห้องสมุดวิทยาเขตสวรรค์ประชารักษ์
►หนังสือทั่วไป
บนชั้น
2. วิทยาศาสตร์การแพทย์ และสุขภาพ
วิทยาศาสตร์การแพทย์ และสุขภาพ
WS100 ต367ส ฉ.2 
  Barcode: 002326
ห้องสมุดวิทยาเขตสวรรค์ประชารักษ์
►หนังสือทั่วไป
บนชั้น
3. วิทยาศาสตร์การแพทย์ และสุขภาพ
วิทยาศาสตร์การแพทย์ และสุขภาพ
WS100 ต367ส ฉ.3 
  Barcode: 002327
ห้องสมุดวิทยาเขตสวรรค์ประชารักษ์
►หนังสือทั่วไป
บนชั้น

รายการใกล้เคียง
    หัวเรื่อง [กุมารเวชศาสตร์]

BibComment


ยังไม่เคยถูกคอมเมนท์

คอมเมนท์ทรัพยากรรายการนี้
  คอมเมนท์: ตำรากุมารเวชศาสต..


 Copyright 2026. Bcnsprnw @Library